| 000 | 00432nam a22001697a 4500 | ||
|---|---|---|---|
| 005 | 20240401163335.0 | ||
| 008 | 160519b xxu||||| |||| 00| 0 eng d | ||
| 020 | _a81-8054-222-X | ||
| 041 | _aeng | ||
| 082 | _b3090 | ||
| 100 |
_aSharma D.O _9770 |
||
| 245 | _aTotal Quality Management Principles, Plactice and sases | ||
| 260 |
_aNew Delhi _bSultan Chand & Sons. _c2005 |
||
| 300 | _a1052 | ||
| 650 | _aManagement | ||
| 942 | _cBK | ||
| 999 |
_c1059 _d1059 |
||